Informática (Registro nro. 17209)

Detalles MARC
000 -LEADER
fixed length control field 00348 a2200121 4500
001 - CONTROL NUMBER
control field ART_2236
005 - DATE AND TIME OF LATEST TRANSACTION
control field 20260410161724.0
008 - FIXED-LENGTH DATA ELEMENTS--GENERAL INFORMATION
fixed length control field 260409a
100 1# - MAIN ENTRY--PERSONAL NAME
Personal name Tesoro, José Luis
245 10 - TITLE STATEMENT
Title Informática
700 1# - ADDED ENTRY--PERSONAL NAME
Personal name Saroka, Raúl Horacio
773 0# - HOST ITEM ENTRY
Title Administración de empresas
Related parts - Año XVIII, Nº 211 (oct. 1987)
Record control number REV2036

No hay ítems disponibles.